| 000 | 00713cam a2200241 4500 | ||
|---|---|---|---|
| 001 | J503 | ||
| 008 | 090401t1991 xxu||||| |||| 00| 0 eng d | ||
| 035 | _a(Sirsi) u75343 | ||
| 041 | _aeng | ||
| 050 | _a658.202 | ||
| 100 | _aStaveley, H.S. | ||
| 245 | _aDesigning out maintenance problems. | ||
| 260 |
_aAscot, Berks. _bChartered Institute of Building _c1991 |
||
| 300 | _a7p. : ill. ; 30cm. | ||
| 350 | _a3.5 | ||
| 490 |
_aTechnical Information Service _v138 |
||
| 650 | _aBUILT ENVIRONMENT-CONSTRUCTION DESIGN | ||
| 650 | _aPLANNED MAINTENANCE | ||
| 690 | _aBUILDING AND CONSTRUCTION-REPAIRS AND MAINTENANCE | ||
| 710 |
_aChartered Institute of Building _92134 |
||
| 942 | _n0 | ||
| 948 | _c04/03/1997 | ||
| 999 |
_c95993 _d95993 |
||